000
00307nam a2200133 a 4500
001
5584
003
CDMR
005
20130116135310.0
008
130130s1966||||||||||||||||||||||||||||d
040
_a
CDMR
_b
cat
_c
CDMR
245
0
_a
Tele-Estel
260
_a
Barcelona
_c
1966-67
_b
Publicaciones Reunidas
942
_c
MON
999
_c
5584
_d
5584